Podnikateľské prostredie v SR pred vstupom do Európskej únie

Niektoré výhody vstupu do Európskej únie pre malé a stredné podniky v SR. Niektoré nevýhody vstupu do Európskej únie pre malé a stredné podniky v SR. Zmena podnikateľského prostredia po vstupe Slovenskej republiky do Európskej únie a zväčšenie konkurencie.

Salvato in:
Dettagli Bibliografici
Autore principale: Šúbertová, Elena
Natura: Capitolo di libro
Lingua:slovacco
Soggetti:
Tags: Aggiungi Tag
Nessun Tag, puoi essere il primo ad aggiungerne!!

MARC

LEADER 00000naa$a2200000$$$4500
001 0094717
005 20240502072043.9
041 0 |a slo 
044 |a SK 
245 1 0 |a Podnikateľské prostredie v SR pred vstupom do Európskej únie  |c Elena Šúbertová 
520 |a Niektoré výhody vstupu do Európskej únie pre malé a stredné podniky v SR. Niektoré nevýhody vstupu do Európskej únie pre malé a stredné podniky v SR. Zmena podnikateľského prostredia po vstupe Slovenskej republiky do Európskej únie a zväčšenie konkurencie. 
610 2 0 |a prostredie podnikateľské 
610 2 0 |a podnik malý 
610 2 0 |a podnik stredný 
610 2 0 |a konkurencia 
610 2 0 |a dane 
610 2 0 |a ceny 
610 2 0 |a pohyb síl pracovných 
610 2 0 |a kvalita 
610 2 0 |a Slovensko 
610 2 0 |a Európska únia 
100 1 |a Šúbertová, Elena